Lecture notes on turbulence and coherent structures in fluids, plasmas and nonlinear media (Record no. 6047)
[ view plain ]
| 000 -LEADER | |
|---|---|
| fixed length control field | 01776nam a2200361Ia 4500 |
| 001 - CONTROL NUMBER | |
| control field | ebr10698776 |
| 003 - CONTROL NUMBER IDENTIFIER | |
| control field | CaPaEBR |
| 006 - FIXED-LENGTH DATA ELEMENTS--ADDITIONAL MATERIAL CHARACTERISTICS--GENERAL INFORMATION | |
| fixed length control field | m o u |
| 007 - PHYSICAL DESCRIPTION FIXED FIELD--GENERAL INFORMATION | |
| fixed length control field | cr cn||||||||| |
| 008 - FIXED-LENGTH DATA ELEMENTS--GENERAL INFORMATION | |
| fixed length control field | 070416s2006 si a sb 100 0 eng d |
| 020 ## - INTERNATIONAL STANDARD BOOK NUMBER | |
| Cancelled/invalid ISBN | 9789812566980 |
| Cancelled/invalid ISBN | 9789812774071 |
| Cancelled/invalid ISBN | 9812566988 |
| 040 ## - CATALOGING SOURCE | |
| Original cataloging agency | CaPaEBR |
| Transcribing agency | CaPaEBR |
| 035 ## - SYSTEM CONTROL NUMBER | |
| System control number | (OCoLC)849922770 |
| 050 14 - LIBRARY OF CONGRESS CALL NUMBER | |
| Classification number | QA913 |
| Item number | .C36 2006eb |
| 111 2# - MAIN ENTRY--MEETING NAME | |
| Meeting name or jurisdiction name as entry element | Canberra International Physics Summer School |
| Number of part/section/meeting | (19th : |
| Date of meeting | 2006 : |
| Location of meeting | Australian National University) |
| 245 10 - TITLE STATEMENT | |
| Title | Lecture notes on turbulence and coherent structures in fluids, plasmas and nonlinear media |
| Medium | [electronic resource] / |
| Statement of responsibility, etc | editors, Michael Shats, Horst Punzmann. |
| 246 18 - VARYING FORM OF TITLE | |
| Title proper/short title | Turbulence and coherent structures in fluids, plasmas and nonlinear media |
| 260 ## - PUBLICATION, DISTRIBUTION, ETC. (IMPRINT) | |
| Place of publication, distribution, etc | Singapore ; |
| -- | Hackensack, NJ : |
| Name of publisher, distributor, etc | World Scientific, |
| Date of publication, distribution, etc | c2006. |
| 300 ## - PHYSICAL DESCRIPTION | |
| Extent | viii, 387 p. : |
| Other physical details | ill. (some col.) |
| 490 0# - SERIES STATEMENT | |
| Series statement | World Scientific lecture notes in complex systems ; |
| Volume number/sequential designation | v. 4 |
| 500 ## - GENERAL NOTE | |
| General note | "This book is based on lectures delivered at the 19th Canberra International Physics Summer School held at the Australian National University in Canberra (Australia) from 16-20 January 2006."--P. v. |
| 504 ## - BIBLIOGRAPHY, ETC. NOTE | |
| Bibliography, etc | Includes bibliographical references. |
| 533 ## - REPRODUCTION NOTE | |
| Type of reproduction | Electronic reproduction. |
| Place of reproduction | Palo Alto, Calif. : |
| Agency responsible for reproduction | ebrary, |
| Date of reproduction | 2013. |
| Note about reproduction | Available via World Wide Web. |
| -- | Access may be limited to ebrary affiliated libraries. |
| 650 #0 - SUBJECT ADDED ENTRY--TOPICAL TERM | |
| Topical term or geographic name as entry element | Turbulence |
| General subdivision | Mathematical models |
| Form subdivision | Congresses. |
| Topical term or geographic name as entry element | Hydrodynamics |
| Form subdivision | Congresses. |
| 655 #7 - INDEX TERM--GENRE/FORM | |
| Genre/form data or focus term | Electronic books. |
| Source of term | local |
| 700 1# - ADDED ENTRY--PERSONAL NAME | |
| Personal name | Shats, Michael. |
| Personal name | Punzmann, Horst. |
| 710 2# - ADDED ENTRY--CORPORATE NAME | |
| Corporate name or jurisdiction name as entry element | ebrary, Inc. |
| 856 40 - ELECTRONIC LOCATION AND ACCESS | |
| Uniform Resource Identifier | <a href="http://site.ebrary.com/lib/rucke/Doc?id=10698776">http://site.ebrary.com/lib/rucke/Doc?id=10698776</a> |
| Public note | An electronic book accessible through the World Wide Web; click to view |
No items available.
